000 00596nam a22001817a 4500
005 20251108164806.0
008 250721s1989 xx 000 0 ara d
082 1 4 _a810.4/يحي
100 1 _aحقي، يحيى
245 1 0 _aصفحات من تاريخ مصر /
264 1 _aالقاهرة :
_bالهيئة المصرية العامة للكتاب،
_c1989.
300 _a455ص
490 0 _aمؤلفات يحيى حقي ؛ 17 : المقالات الأدبية ؛ 5
650 1 7 _aالأدب العربي
650 1 7 _aالمقالات الأدبية
942 _2ddc
_cBK
999 _c14487
_d14487